| 000 | 00445nam a2200181Ia 4500 | ||
|---|---|---|---|
| 005 | 20221209101804.0 | ||
| 008 | 131103s9999 xx 000 0 und d | ||
| 040 | _aLoreto College | ||
| 041 | _aEnglish | ||
| 082 |
_a821.91 _bSAS |
||
| 100 | _aSassoon, Siegfried | ||
| 245 |
_aSelected poems _cSiegfried Sassoon |
||
| 260 |
_aLondon _bFaber and faber _c1968 |
||
| 300 | _a93p. | ||
| 650 | _aEnglish Poetry | ||
| 850 | _aLCLIB | ||
| 942 | _cBK | ||
| 999 |
_c22248 _d72727 |
||